Batman Villains - Statistics

General Stats
  • This quiz has been taken 483 times
    411 since last reset
  • The average score is 24 of 31
Answer Stats
Hint Answer % Correct
Laughs a lot Joker
100%
Red and black suit, has relationship with above ^ Harley Quin
96%
At a farm scaring away crows Scarecrow
96%
half burned Two face
96%
loves plants Poison Ivy
95%
Feline Catwoman
94%
? Riddler
94%
Months,Years,days Calendar man
93%
Lives under Arkham Asylum in sewers Killer Croc
93%
Needs a suit to survive Mr.Freeze
93%
Part man part bat, who knows Man bat
92%
Stays in the air when theirs wind Kite man
91%
Flightless bird Penguin
91%
He has dots on his suit Polka dot man
91%
Never misses is shots and wears a white mask Dead Shot
86%
Uses a flame thrower Firefly
83%
Has a black mask Black mask
81%
A strange scientist Hugo Strange
79%
He's a assassin Deathstroke
73%
Wears a farm animal mask professor pyg
72%
Huge and liquidity and it is under ground Clay face
71%
Secret organization for the rich Court of Owls
65%
Marks his body when he kills Victor Zsasz
63%
Uses ketchup and mustard Condiment king
62%
he talks with rhymes Mad Hatter
59%
He was on a wall and fell Humpty Dumpty
55%
Used for math Calculator
53%
Same as catwoman but diffrent Catman
52%
He is dead Solomon Grundy
51%
His head looks like a egg Egghead
50%
killed by Joker Jason Todd
48%
No matching quizzes found
Score Distribution
Percent of People with Each Score
Percentile by Number Answered
Your Score History
You have not taken this quiz since the last reset